| 000 | 00928nam a2200265Ia 4500 | ||
|---|---|---|---|
| 003 | GCL | ||
| 008 | 140319s9999 xx 000 0 ara d | ||
| 040 |
_aGCL / _cGCL |
||
| 082 | 0 | 4 |
_a535.953 _bم ك |
| 100 | 1 | _aمصطفى حجازى | |
| 245 | 1 | 0 |
_aكتاب تنقيح المناظر لذوى الابصار والبصائر / _cمصطفى حجازى |
| 700 | 1 | _aمحمود مختار | |
| 700 | 1 | _aالفارسى, كمال الدين ابوالحسن | |
| 260 |
_a[S.N] : _bالهيئة المصرية العامة للكتاب ، _c1984 |
||
| 300 | _a497 | ||
| 490 | _a | ||
| 650 | 0 | 4 | _aالحضارة العربية الاسلامية - المعارف البحرية |
| 650 | 0 | 4 | _aالتراث |
| 650 | 0 | 4 | _aالفيزياء |
| 650 | 0 | 4 | _aالعلوم عند العرب |
| 650 | 0 | 4 | _aالحضارة الاسلامية |
| 650 | 0 | 4 | _aالعلماء العرب |
| 650 | 0 | 4 | _aالبصريات |
| 942 |
_2ddc _cBK |
||
| 999 |
_c30735 _d30735 |
||